Normal view
MARC view
- Young adults
Entry Topical Term
001 - CONTROL NUMBER
- control field: 8440
003 - CONTROL NUMBER IDENTIFIER
- control field: NUST
005 - DATE AND TIME OF LATEST TRANSACTION
- control field: 20180116111924.0
008 - FIXED-LENGTH DATA ELEMENTS
- fixed length control field: 180116|| aca||aabn | a|a d
040 ## - CATALOGING SOURCE
- Original cataloging agency: NUST
- Transcribing agency: NUST
150 ## - HEADING--TOPICAL TERM
- Topical term or geographic name entry element: Young adults
- General subdivision: Finance, Personal.
670 ## - SOURCE DATA FOUND
- Source citation: Work cat.: (NUST)0: Starting out /, 2006.
